| 000 | 00615cam a22002172 4500 | ||
|---|---|---|---|
| 001 | 0000004789 | ||
| 005 | 20151217155210.0 | ||
| 008 | 070529s xx 000 0 eng d | ||
| 020 | _a0697160440 : | ||
| 040 |
_aKABU _cKABU |
||
| 050 | 0 |
_aQP34.5 _b.H65 1995 |
|
| 100 | 1 |
_aHole, John W. _@0000155599 |
|
| 245 | 1 | 0 | _aEssentials of human anatomy and physiology. |
| 250 | _a5th ed. | ||
| 260 |
_aLondon : _bWm C. Brown, _c1995. |
||
| 300 |
_axx, 586 p. + _e2 CD-ROMs. |
||
| 650 | 0 |
_aHuman physiology. _@0000155597 |
|
| 908 | _a070529 | ||
| 950 | _@1 | ||
| 999 |
_c11941 _d11941 |
||